000 03667cam a22005293a 4500
005 20030731115739.0
008 981120s1998 nyu j 000 1 eng d
010 _aB-330645-655
020 _a059076781x
_c95.00
020 _a9780590767811
_c95.00
035 _aB-330645-655
035 _aB-358546
037 _bThe wise owl
040 _adpl
_bEnglish
082 _aS
100 _aStine, R. L.
245 _aHeadless halloween /
_cby R.L. Stine
260 _aNew York
_bScholastic Inc.
_c2008
270 _a555 Broadway
_bNewyork
_eNY 10012
300 _a114p.
_c19cm. (pbk)
490 _aGoosebumps series 2000; 10
500 _a"An Apple paperback."
500 _a"A Parachute Press book"--T.p. verso.
520 _aAfter Nathan and Micah drink some alien Brain Juice, they discover some surprising side effects.
650 _vFiction.
650 _aHorror tales.
655 _aHorror fiction.
_2gsafd
655 _aFantasy fiction.
_2gsafd
710 _aCopyright Paperback Collection (Library of Congress)
800 _aStine, R. L.
_tGoosebumps series 2000 ;10
942 _2ddc
_cCH
_hS
_mSTI
999 _c21378
_d21378